000 00648nam a2200277Ia 4500
005 20260324122328.0
008 008 260324s9999 xx 000 0 eng d
020 _a9781317915331
037 _aEBOOK
040 _aCRL
040 _beng
040 _cCRL
041 _2eng
041 _aeng
084 _qCRL
100 _aChristopher Daniell
_91166026
245 0 _aAtlas of Early Modern Britain, 1485-1715
260 _bTaylor and Francis
260 _c2013
365 _a
365 _b290
856 _uhttp://www.taylorfrancis.com/books/9781317915331
942 _cEBOOK
999 _c1758670
_d1758670